banner koha

Aproveitamento industrial do caju (Anacardium occidentale). Relatorio final [Castanha de caju; Suco; Preservacao de alimento; Microbiologia de alimento] (Registro n. 272442)

MARC details
000 -LÍDER
campo de controle de tamanho fixo 01029nac a22002897a 4500
001 - NÚMERO DE CONTROLE
campo de controle BR8103467
003 - IDENTIFICADOR DO NÚMERO DE CONTROLE
campo de controle BR-BrBNA
005 - DATA E HORÁRIO DA ÚLTIMA TRANSAÇÃO
campo de controle 20240105115007.0
008 - CAMPO DE DADOS FIXOS--INFORMAÇÃO GERAL
campo de controle de tamanho fixo 230509b bl.|||m| |||| 00| 0 por d
040 ## - FONTE DA CATALOGAÇÃO
Instituição da catalogação original BR-BrBNA
Idioma da catalogação por
Instituição que transcreveu o registro Biblioteca Nacional de Agricultura
072 ## - CÓDIGO DE CATEGORIA DE ASSUNTO
Código de Categoria de Assunto Q10
090 ## - NÚMERO DE CHAMADA LOCAL
Número de chamada 1160 BR8103467
110 1# - ENTRADA PRINCIPAL--NOME CORPORATIVO
Nome corporativo ou nome da jurisdição Fundacao Nucleo de Tecnologia Industrial, Fortaleza, CE (Brasil)
9 (RLIN) 5007
245 1# - TÍTULO
Título Aproveitamento industrial do caju (Anacardium occidentale). Relatorio final [Castanha de caju; Suco; Preservacao de alimento; Microbiologia de alimento]
260 3# - PUBLICAÇÃO, DISTRIBUIÇÃO, ETC.
Local de publicação, distribuição, etc. Fortaleza, ce (Brasil):
Data da publicação, distribuição, etc. 1981.
300 ## - DESCRIÇÃO FÍSICA
Extensão 52 p.
490 ## - TÍTULO DA SÉRIE
Título da série Serie Relatorio - Fundacao Nucleo de Tecnologia Industrial (Brazil)
Número do volume ou designação sequencial da série no. 1
ISSN - International Standard Serial Number
500 ## - NOTA GERAL
Nota geral 12 tables; 27 ref.
650 ## - ASSUNTO--TERMO TÓPICO
Cabeçalho tópico ou nome geográfico Tecnologia de alimento
650 ## - ASSUNTO--TERMO TÓPICO
Cabeçalho tópico ou nome geográfico Caju
650 ## - ASSUNTO--TERMO TÓPICO
Cabeçalho tópico ou nome geográfico Castanha de caju
650 ## - ASSUNTO--TERMO TÓPICO
Cabeçalho tópico ou nome geográfico Suco
650 ## - ASSUNTO--TERMO TÓPICO
Cabeçalho tópico ou nome geográfico Preservacao de alimento
650 ## - ASSUNTO--TERMO TÓPICO
Cabeçalho tópico ou nome geográfico Microbiologia de alimento
909 ## -
-- 202312
-- Lúcia Elande
-- 55
-- Lúcia Elande
942 ## - ELEMENTOS DE ENTRADA ADICIONADOS (KOHA)
Fonte da classificação ou esquema de arquivamento na estante Classificação AGRIS
Ocultar no OPAC Não
Tipo de material Koha Monografia Seriada
Exemplares
Situação do descarte Fonte da classificação ou esquema de arquivamento na estante Situação física Não pode ser emprestado Coleção Biblioteca de origem Biblioteca atual Localização na estante Total de empréstimos Número de telefone completo Código de barras Data de último acesso Tipo de material Koha Fonte de aquisição
  Classificação AGRIS       Biblioteca Nacional de Agricultura - Binagri Biblioteca Nacional de Agricultura - Binagri Agrobase - Acervo Geral   1160 BR8103467 1160 BR8103467 18/12/2023 Monografia Seriada Portaria Interministerial nº 164/94

BINAGRI

Telefone: (61)3218-2567/2388/3357/2097 - binagri@agro.gov.br

Ministério da Agricultura e Pecuária , Esplanada dos Ministérios, Bloco D, Anexo B, Brasília/DF, CEP: 70.043-900